| 000 | 00422nam a2200169Ia 4500 | ||
|---|---|---|---|
| 008 | 230125s9999 xx 000 0 und d | ||
| 041 | _aeng | ||
| 082 |
_a336.294 _bTHA |
||
| 100 |
_aThacker P J _9114950 |
||
| 245 | _aSoftware - accounting and taxation | ||
| 260 |
_c2005 _bBCAS _aMumbai |
||
| 300 | _a240p | ||
| 500 | _aTax;Indirect tax | ||
| 650 | _aEconomics | ||
| 700 |
_aThacker P J _9114950 |
||
| 999 |
_c92634 _d92634 |
||